| 000 | 00750nam a2200265 4500 | ||
|---|---|---|---|
| 003 | Ost | ||
| 005 | 20260530115255.0 | ||
| 008 | 260417b20001999spa||||| |||| 00| 0 spa d | ||
| 020 | _a2880463882 | ||
| 040 |
_aICI _bspa _cICI |
||
| 041 | _aspa | ||
| 050 | 4 |
_aP93.5 _bB65 |
|
| 100 | 1 |
_aBonnici, Peter, _930336 |
|
| 245 | 1 | 0 |
_aVisual language : _bthe hidden medium communication / _cPeter Bonnici |
| 264 | 1 |
_bRotovision, _cc1999 _aSwitzerland : |
|
| 300 |
_a160 pƔginas _bilustraciones |
||
| 336 |
_atexto _2rdacontent |
||
| 337 |
_asin medio _2rdamedia |
||
| 338 |
_avolumen _2rdacarrier |
||
| 490 | 0 | 0 | _aDesign fundamentals |
| 500 | _aLIBRO ESPECIAL | ||
| 650 | 4 | _aComunicación visual | |
| 650 | 4 |
_aLenguaje y lenguas _98240 |
|
| 942 |
_2lcc _cBK |
||
| 999 |
_c12559 _d12559 |
||